00435nam a2200181Ia 4500008004100000020001800041050001600059100001700075245003200092245002000124260001500144260001300159260000900172300001600181300002000197300001000217300002600227170918s9999 xx 000 0 und d a9781416991359 bS859go 1996 aStine, R. L. aFright night and the ooze / cby R. L. Stine. aNew York : bAladdin, c1996 a107 pages : billustrations ; c19cm. eGhost of fear street.